[Event "Portugal Open 2018"]
[Site "Lisboa POR"]
[Date "2018.02.08"]
[Round "8.2"]
[White "Warakomski, Tomasz"]
[Black "Petrov, Nikita"]
[Result "0-1"]
[BlackElo "2573"]
[WhiteElo "2517"]
[LiveChessVersion "1.4.8"]

1. e4 {[%clk 1:30:58]} e5 {[%clk 1:30:53]} 2. Nf3 {[%clk 1:31:03]} Nc6
{[%clk 1:31:13]} 3. d4 {[%clk 1:31:27]} exd4 {[%clk 1:31:32]} 4. Nxd4
{[%clk 1:31:51]} Nf6 {[%clk 1:31:40]} 5. Nxc6 {[%clk 1:31:44]} bxc6
{[%clk 1:32:02]} 6. e5 {[%clk 1:32:09]} Qe7 {[%clk 1:32:27]} 7. Qe2
{[%clk 1:32:34]} Nd5 {[%clk 1:32:48]} 8. g3 {[%clk 1:31:02]} a5 {[%clk 1:20:03]}
9. c4 {[%clk 1:13:12]} Nb6 {[%clk 1:16:50]} 10. Nd2 {[%clk 1:02:34]} Qe6
{[%clk 1:13:51]} 11. Bg2 {[%clk 0:35:16]} Bb4 {[%clk 1:11:39]} 12. O-O
{[%clk 0:35:41]} O-O {[%clk 1:09:26]} 13. f4 {[%clk 0:35:04]} f6 {[%clk 0:58:21]}
14. b3 {[%clk 0:31:24]} fxe5 {[%clk 0:46:03]} 15. fxe5 {[%clk 0:30:18]} Rxf1+
{[%clk 0:45:19]} 16. Nxf1 {[%clk 0:30:44]} d5 {[%clk 0:44:26]} 17. cxd5
{[%clk 0:29:34]} cxd5 {[%clk 0:34:44]} 18. Bb2 {[%clk 0:30:00]} a4
{[%clk 0:32:42]} 19. Qb5 {[%clk 0:25:13]} Bf8 {[%clk 0:28:15]} 20. Rc1
{[%clk 0:21:07]} c5 {[%clk 0:24:08]} 21. Qd3 {[%clk 0:17:07]} Ba6
{[%clk 0:23:12]} 22. Qd2 {[%clk 0:14:57]} Rc8 {[%clk 0:14:37]} 23. Qa5
{[%clk 0:15:03]} Bd3 {[%clk 0:14:27]} 24. Rd1 {[%clk 0:12:21]} Bc2
{[%clk 0:13:36]} 25. Rd2 {[%clk 0:12:35]} axb3 {[%clk 0:12:56]} 26. Ne3
{[%clk 0:13:02]} d4 {[%clk 0:09:00]} 27. Nxc2 {[%clk 0:11:57]} bxc2
{[%clk 0:08:20]} 28. Rxc2 {[%clk 0:12:19]} Nc4 {[%clk 0:07:29]} 29. Qb5
{[%clk 0:06:16]} Ne3 {[%clk 0:06:22]} 30. Qb7 {[%clk 0:06:40]} Rd8
{[%clk 0:06:09]} 31. Re2 {[%clk 0:06:28]} Nxg2 {[%clk 0:06:26]} 32. Kxg2
{[%clk 0:06:28]} c4 {[%clk 0:06:10]} 33. Rd2 {[%clk 0:04:57]} Qxe5
{[%clk 0:05:00]} 34. Qc6 {[%clk 0:05:00]} Bc5 {[%clk 0:04:02]} 35. a4
{[%clk 0:05:24]} Qd5+ {[%clk 0:03:22]} 36. Qxd5+ {[%clk 0:05:49]} Rxd5
{[%clk 0:03:49]} 37. Kf3 {[%clk 0:06:14]} Rd7 {[%clk 0:03:17]} 38. Ke4
{[%clk 0:05:22]} c3 {[%clk 0:02:48]} 39. Bxc3 {[%clk 0:05:48]} dxc3
{[%clk 0:03:15]} 40. Rxd7 {[%clk 0:06:14]} c2 {[%clk 0:03:42]} 41. Kd4 0-1